| 000 | 01404nam a2200289 i 4500 | ||
|---|---|---|---|
| 001 | 46399 | ||
| 003 | ES-MaACL | ||
| 005 | 20230906161357.0 | ||
| 007 | t| | ||
| 008 | 030328s1948 sp ||||1| spa d | ||
| 245 | 0 | 0 | _aConferencias del ciclo Orientaciones para una mejora ganadera. |
| 260 |
_aPalma de Mallorca : _b[s.n., _c1948] |
||
| 300 |
_a107 p. ; _c21 cm. |
||
| 505 | 8 | _aContiene: La ganadería y las necesidades de la sociedad actual / por Luis María Pomar y Pomar. Zooprofilaxis ganadera / por Ramón Aguiló Mercader. El ganado bovino de las Baleares / por Juan Jaume. El control de la producción animal / por Andrés Torrens Pastor. La fecuncación artificial ganadera y su repercusión en la economía de los pueblos / por Hernán Ferré Renna | |
| 700 | 1 |
_aPomar y Pomar, Luis. _992899 |
|
| 700 | 1 |
_aAguiló Mercader, Ramón. _918797 |
|
| 700 | 1 |
_aJaume, Juan. _966178 |
|
| 700 | 1 |
_aTorrens Pastor, Andrés. _9110827 |
|
| 700 | 1 |
_aFerré Renna, Hernán. _950363 |
|
| 710 | 2 |
_aColegio Oficial de Veterinarios de Baleares. _92981 |
|
| 740 | 3 | _aLa ganadería y las necesidades de la sociedad actual. | |
| 740 | 0 | _aZooprofilaxis ganadera. | |
| 740 | 3 | _aEl ganado bovino de las Baleares. | |
| 740 | 3 | _aEl control de la producción animal. | |
| 740 | 3 | _aLa fecundación artificial ganadera y su repercusión en la economía e los pueblos. | |
| 852 |
_aES-MaACL _j1903-F-8 _bR.28461 |
||
| 999 |
_c46399 _d46399 |
||